Professional responsibility: in federal tax practice
Sparad:
| Huvudupphovsman: | |
|---|---|
| Materialtyp: | Bok |
| Språk: | engelska |
| Publicerad: |
Branford
Federal Tax Press
1970
|
| Ämnen: | |
| Taggar: |
Lägg till en tagg
Inga taggar, Lägg till första taggen!
|
MARC
| LEADER | 00000nam a2200000 a 4500 | ||
|---|---|---|---|
| 001 | UCT7552 | ||
| 003 | CL-VaPUC | ||
| 008 | 970123e19700000US |||||||||||||||||eng|d | ||
| 082 | 0 | 4 | |a 336.2 |b BIT |2 21 |
| 100 | 0 | |a Bittker, Boris I |e author |9 378548 | |
| 245 | 1 | 0 | |a Professional responsibility: in federal tax practice |
| 300 | |a 485 p | ||
| 942 | |c BK | ||
| 945 | |d 19970123 00:00:00 |a nastorga | ||
| 260 | |a Branford |b Federal Tax Press |c 1970 | ||
| 650 | 0 | |a Impuestos |9 255450 | |
| 650 | 0 | |a Ética |9 255099 | |
| 650 | 0 | |a Moral |9 265913 | |
| 650 | 7 | |a PLANIFICACION |2 CL-VaPUC |9 260802 | |
| 650 | 0 | |a Propiedad |9 255268 | |
| 650 | 0 | |a Clientes |9 369499 | |
| 583 | |a last modification |c 19970123 00:00:00 |k Rodrigo Vera | ||
| 999 | |c 256138 |d 256136 | ||
| 952 | |0 0 |1 0 |4 0 |6 336_200000000000000_BIT_1970 |7 0 |8 P |9 278711 |a BIBGIM |b BIBGIM |d 2019-11-19 |i 3278557 |o 336.2 BIT 1970 |p 3278557 |r 2025-01-15 |w 2019-11-19 |y BK |k COM | ||